000 02255cam a22005054i 4500
003 PE-LiUPU
005 20250731173120.0
008 150623s2000 miu rb 000 0 spa d
035 _a(Sirsi) a25381
040 _aPE-LiUPU
_bspa
_cPE-LiUPU
_erda
082 0 4 _a227.63
_bR552000
_221
100 1 _aRidderbos, Herman N.,
_eautor.
245 1 3 _aEl pensamiento del apostol Pablo /
_cHerman N. Ridderbos; Juan van der Velde; tr.
264 1 _aGrand Rapids :
_bLibros Desafio,
_c2000.
300 _a780 páginas ;
_c24 centímetros
336 _atext
_2rdacontent
337 _aunmediated
_2rdamedia
338 _avolume
_2rdacarrier
500 _aOtra ed.: 1966.
504 _aIncluye bibliografía.
505 0 _aIntroducción -- Pecado y redención -- Nueva creación -- La iglesia -- Escatología.
526 _aSEG42
526 _aSEG41
526 _aSEG40
526 _aSEG39
526 _aP94
526 _aP87
526 _aP86
526 _aP85
526 _aP77
526 _aP76
526 _aP35
600 1 _aPablo de Tarso
_xPensamiento
942 _2ddc
_cBOOK
949 _a227.63 R55 2000
_wDEWEY
_c1
_i50476
_lCCODEBUL1
_mBUL
_p7.60
_r0
_sY
_tBOOK
_u2015-06-24
_xTEOLOGIA
_PP35
_0COMPRA
_o.STAFF. Colección Teología
949 _a227.63 R55 2000
_wDEWEY
_c2
_i50722
_lCCODEBUL1
_mBUL
_p7.60
_r0
_sY
_tBOOK
_u2015-06-24
_xTEOLOGIA
_PP35
_0COMPRA
_o.STAFF. Colección Teología
949 _a227.63 R55 2000
_wDEWEY
_c3
_i55080
_lCCODEBUL1
_mBUL
_p7.60
_r0
_sY
_tBOOK
_u2015-06-24
_xTEOLOGIA
_PP35
_0COMPRA
_o.STAFF. Colección Teología
596 _a1
999 _a227.63 R55 2000
_wDEWEY
_c32296
_i50476
_d32296
_e2016-1-6
_f2021-11-9
_g5
_lCCODEBUL1
_mBUL
_n1
_q1
_r0
_sY
_tBOOK
_u2015-6-24
_xTEOLOGIA
_PP35
_0COMPRA
_o.STAFF. Colección General
999 _a227.63 R55 2000
_wDEWEY
_c2
_i50722
_f2021-11-9
_g5
_lCCODEBUL1
_mBUL
_r0
_sY
_tBOOK
_u2015-6-24
_xTEOLOGIA
_PP35
_0COMPRA
_o.STAFF. Colección General
999 _a227.63 R55 2000
_wDEWEY
_c3
_i55080
_d2018-9-12
_e2016-9-29
_f2021-11-9
_g5
_lCCODEBUL1
_mBUL
_n1
_p7.60
_q4
_r0
_sY
_tBOOK
_u2015-6-24
_xTEOLOGIA
_PP35
_0COMPRA
_o.STAFF. Colección Teología
980 _81
_gALBERTO SANCHEZ Responsable de Automatización